Muʻjam muṣṭalaḥāt al-fīzyāʼ /

محفوظ في:

مؤلف مشترك: Arab League Educational, Cultural, and Scientific Organization.

التنسيق: كتاب

اللغة: Arabic

منشور في: [Baghdād] : Maṭbaʻat al-Majmaʻ al-ʻIlmī al-ʻIrāqī, 1397 [1977].

سلاسل: Maṭbūʻāt al-Majmaʻ al-ʻIlmī al-ʻIrāqī.

الموضوعات:

الوسوم: إضافة وسم

لا توجد وسوم, كن أول من يضع وسما على هذه التسجيلة!

رقم الطلب: QC5 .M84 1977

LEADER 01038nam a22002537a 4500
003 OSt
005 20251117083705.0
008 251117t1977 iq d 000 0 ararc
040 |c ARCE Library 
050 1 4 |a QC5  |b .M84 1977 
245 0 0 |a Muʻjam muṣṭalaḥāt al-fīzyāʼ /   |c al-Munaẓẓamah al-ʻArabīyah lil-Tarbiyah wa-al-Thaqāfah wa-al-ʻUlūm. 
246 3 |a Dictionary of physics terms. 
264 1 |a [Baghdād] :   |b Maṭbaʻat al-Majmaʻ al-ʻIlmī al-ʻIrāqī,   |c 1397 [1977]. 
300 |a 228 p. ;   |c 24 cm. 
490 0 |a Maṭbūʻāt al-Majmaʻ al-ʻIlmī al-ʻIrāqī. 
500 |a At head of title: Munaẓẓamah al-ʻArabīyah lil-Tarbiyah wa-al-Thaqāfah wa-al-ʻUlūm. 
650 0 |a Physics   |v Dictionaries   |x Arabic. 
650 0 |a Physics   |v Dictionaries   |x French. 
650 0 |a Arabic language   |v Dictionaries   |x English. 
650 0 |a Arabic language   |v Dictionaries   |x French. 
710 2 |a Arab League Educational, Cultural, and Scientific Organization. 
901 |a reviewed 
942 |2 lcc  |c BK 
999 |c 57724  |d 57724